000 00545nam a22001817a 4500
005 20251108171918.0
008 250721s1995 xx 000 0 ara d
082 1 4 _a135.3/سير
100 1 _aبن سيرين، أبو بكر محمد
245 1 0 _aتفسير الأحلام /
264 1 _aعمان :
_bدار الإسراء للنشر و التوزيع،
_c1995.
300 _a112ص
650 1 7 _aالأحلام
650 1 7 _aتفسير
700 1 _aالطيبي، عكاشة عبد المنان
942 _2ddc
_cBK
999 _c65783
_d65783